| 000 | 01082nam a22003137a 4500 | ||
|---|---|---|---|
| 001 | 000303 | ||
| 003 | DO-SdBPM | ||
| 005 | 20250115094227.0 | ||
| 007 | 000303 | ||
| 008 | 160623b2001 cu || 00| 0 spa d | ||
| 020 | _a9597006111 | ||
| 040 |
_aDO-SdBPM _bspa _cBPMSU |
||
| 082 | 4 |
_a914.4361 _bM378e 2001 _222 |
|
| 100 | 1 |
_aMartí, José, _d1853-1895. |
|
| 210 | _6 | ||
| 245 | 1 | 3 |
_aLa exposición de París / _cJosé Martí ; investigación, presentación, estudio valorativo y notas, Salvador Arias. |
| 260 |
_aLa Habana : _bCentro de Estudios Martianos, _c2001. |
||
| 300 |
_avii, 141 p. ; _c18 cm. |
||
| 490 | 0 | _aLa edad de oro. | |
| 500 | _aIncluye referencias bibliográficas y notas al pie de las páginas. | ||
| 504 | _aBibliografía : p. 117-118 | ||
| 590 | _aInventariado, 2025/VM | ||
| 600 | 1 | 4 |
_aMartí, José, _d1853-1895 _xCrítica e interpretación |
| 651 | 4 |
_aParís (Francia) _xDescripciones y viajes. |
|
| 700 | 1 |
_aArias, Salvador, _d1935- |
|
| 700 | 1 |
_aLópez Ugarte, Ela, _deditor |
|
| 910 | _aVMateo V. Control de calidad. BPMSU | ||
| 942 |
_2ddc _cBK |
||
| 999 |
_c10519 _d10519 |
||